000 00614 a2200217 4500
005 20260314094634.0
008 260313b |||||||| |||| 00| 0 eng d
020 _a9789350028872
_cRs. 899.00
040 _aMAIN
082 _a323.091724
_bM726P
100 _aMohanty, Manoranjan, ed.
245 _aPeople's Rights: Social movements and the state in the third world
260 _b Aakar Books
_aDelhi
_c2025
300 _a436
650 _aPolitical Science
650 _aSocial Change
650 _aNationalism
700 _aMukherji, Partha, Nath, ed.
700 _aTornquist, Olle, ed.
942 _cBK
999 _c394659
_d394659